000 00583nam a22002417a 4500
003 UA-OsUOA
001 27898
007 ta
008 20040916b un ||||| |||| 00| 0 ukr d
100 _aРакитина Р.И.
090 _a796.012.6
_bР19
942 _cBK
040 _aUA-OsUOA
_brus
_cUA-OsUOA
_dUA-OsUOA
245 _a15 минут для бодрости
300 _a104 с.
_bІлюстрації
955 _a0
041 _arus
080 _a796.012.6
260 _aКиев
_bЗдоров'я
_c1986
044 _aRU
650 7 _2UDC
999 _c314250
_d314250